Responses for Show #5553 - Wednesday, October 29, 2008

Carl Brandt game 2.

Contestants

[<< previous game]

Tristan Snell, a patent litigator from Boston, Massachusetts

Pat Thornton, a bookseller from Huntington, West Virginia

Carl Brandt, an investor originally from Pittsburgh, Pennsylvania (whose 1-day cash winnings total $4,399)

[next game >>]

Jeopardy! Round responses

20th CENTURY CHINA
AND ON GUITAR...
(Alex: You want to identify the band most associated with these guitarists.)
FACE TIME
LETTERS & NUMBERS
CROPS
ROBBERS
    $200 1
the Communist Party

Tristan
    $200 2
The Rolling Stones

Carl
    $200 16
Edith Wharton

Carl
    $200 21
C-3PO

Carl
    $200 26
Cotton

Tristan
    $200 11
a robber baron

Carl
    $400 3
a satellite

Carl
    $400 5
The Grateful Dead

Tristan
    $400 17
(Carl: Who is McClellan?)
...
(Alex: Yes, from which we get burn--sideburns.)

Burnside

CarlPat
    $400 22
(Pat: What is 5?)
(Alex: Be more specific.)
(Pat: What is ...)
(Alex: Ooh, sorry. What is [*]? [*].)

F5

Pat
Triple Stumper
    $400 27
an apple

Carl
    $400 12
Lou Brock

Triple Stumper
    $600 4
the Cultural Revolution

Tristan
    $600 6
The Who

Tristan
    $600 18
(Julia Ward) Howe

Carl
    $400 23
PT-109

Carl
    $600 28
peanut

Carl
    $600 13
a crab

Carl
    $800 8
Hong Kong & Macao

Carl
    $800 7
U2

Carl
    $800 19
Sacco & Vanzetti

Tristan
    $800 24
WD-40

Carl
    $800 29
alfalfa

Carl
    $800 14
a loaf of bread

Carl
    $1000 9
Sun Yat-sen

Carl
    $1000 10
Guns N' Roses

Carl
    $1000 20
Friedrich Nietzsche

Carl
    $1000 25
G4

Triple Stumper
    $1000 30
soy

Tristan
    $1000 15
the Daltons

Pat

Scores at the first commercial break (after clue 15):

Carl Pat Tristan
$5,800 $1,000 $1,800

Scores at the end of the Jeopardy! Round:

Carl Pat Tristan
$10,400 $1,000 $3,800

Double Jeopardy! Round responses

NEWBERY MEDAL WINNERS
FROM STAGE TO SCREEN
GEOLOGIC TIME
THE MAINE THING
WHAT'S FOR LUNCH?
3-LETTER WORDS
    $400 14
Doctor Dolittle

Tristan
    $400 1
Sweeney Todd

Pat
    $400 9
the Himalayas

Tristan
    $400 4
Augusta

Tristan
    $400 21
salmon

Carl
    $400 29
a cob

Carl
    $800 15
Daniel Boone

Carl
    $800 2
Dreamgirls

Carl
    $800 10
mammals

Carl
    $800 5
Kennebunkport

Carl
    $800 22
tostada

Carl
    $800 28
gay

Carl
    $1200 16
the Blue Dolphins

Tristan
    $1200 3
Hairspray

Tristan
    $1200 11
it was submerged (or underwater)

Carl
    $1200 6
Portland

Tristan
    $1200 23
liverwurst

Carl
    $1200 26
(Carl: Who is Jesus Christ?)
(Pat: What is a rib?)

sin

CarlPat
Triple Stumper
    $1600 17
Johnny Tremain

Pat
    $1600 19
Proof

Carl
    $1,000 12
(Carl: What is the... Calciferous?)

the Cretaceous

Carl
    $1600 7
Bangor

Triple Stumper
    $1600 24
Yukon Gold

Tristan
    $1600 27
an obi

Pat
    $2000 18
Sounder

Carl
    $2000 20
One Flew Over the Cuckoo's Nest

Pat
    $2000 13
(Pat: What is Gonawanaland?)
...
(Alex: Instead of Gonawana, it's Gondwana, not "GAH-nuh-wah-nuh". I know you're "gonna wanna" say it correctly, so it's [*].)

Gondwanaland

Pat
Triple Stumper
    $2000 8
Freeport

Tristan
    $2000 25
(Carl: What is a beefsteak?)

stromboli

Carl
Triple Stumper
    $200 30
(Carl: [Clicking tongue] No clue, sir.)
(Alex: No? I got the feeling there with all that noise that you were going through the periodic table and all kinds of other scientific calculations to try to come up with [*], 3-letter word.)

tin

Carl

Scores at the end of the Double Jeopardy! Round:

Carl Pat Tristan
$17,600 $3,400 $12,200

[wagering suggestions for these scores]

Final Jeopardy! Round responses

2008
(Alex: [Revealing Pat's response] Governor is Mr. Paterson, replacing Eliot Spitzer.)
PatWhat is New York?
$3,000
TristanWhat is New York?
$12,200
CarlWhat is New York
$6,801
New York

Final scores:

Carl Pat Tristan
$24,401 $6,400 $24,400
2-day champion: $28,800 3rd place: $1,000 2nd place: $2,000

Game dynamics:

Coryat scores:

Carl Pat Tristan
$19,000 $3,400 $12,200
30 R
(including 1 DD),
5 W
(including 2 DDs)
6 R,
3 W
15 R,
0 W

Combined Coryat: $34,600

[game clues] [game scores] [suggest correction]

Game tape date: 2008-09-23
The J! Archive is created by fans, for fans. Scraping, republication, monetization, and malicious use prohibited; this site may use cookies and collect identifying information. See terms. The Jeopardy! game show and all elements thereof, including but not limited to copyright and trademark thereto, are the property of Jeopardy Productions, Inc. and are protected under law. This website is not affiliated with, sponsored by, or operated by Jeopardy Productions, Inc. Join the discussion at JBoard.tv.